Histology : (Record no. 486)

MARC details
000 -LEADER
fixed length control field 00780cam a2200277 a 4500
001 - CONTROL NUMBER
control field 2437464
003 - CONTROL NUMBER IDENTIFIER
control field OSt
005 - DATE AND TIME OF LATEST TRANSACTION
control field 20241114110830.0
008 - FIXED-LENGTH DATA ELEMENTS--GENERAL INFORMATION
fixed length control field 880728s1989 mdua 001 0 eng c
010 ## - LIBRARY OF CONGRESS CONTROL NUMBER
LC control number 88020811
020 ## - INTERNATIONAL STANDARD BOOK NUMBER
International Standard Book Number 0683073680
040 ## - CATALOGING SOURCE
Original cataloging agency DNLM/DLC
Transcribing agency DLC
Modifying agency DLC
050 00 - LIBRARY OF CONGRESS CALL NUMBER
Classification number QM551
Item number .R67 1989
060 ## - NATIONAL LIBRARY OF MEDICINE CALL NUMBER
Classification number QS 517 R825h
082 00 - DEWEY DECIMAL CLASSIFICATION NUMBER
Classification number QS 516 R71h 1989
Edition number 19
100 1# - MAIN ENTRY--PERSONAL NAME
Personal name Ross, Michael H. [et...al]
9 (RLIN) 943
245 10 - TITLE STATEMENT
Title Histology :
Remainder of title a text and atlas
250 ## - EDITION STATEMENT
Edition statement 2nd ed.
260 ## - PUBLICATION, DISTRIBUTION, ETC. (IMPRINT)
Place of publication, distribution, etc. Baltimore :
Name of publisher, distributor, etc. Williams & Wilkins,
Date of publication, distribution, etc. c1989.
300 ## - PHYSICAL DESCRIPTION
Extent xx, 783 p. :
Other physical details ill. (some col.) ;
Dimensions 29 cm.
500 ## - GENERAL NOTE
General note Includes index.
650 #0 - SUBJECT ADDED ENTRY--TOPICAL TERM
Topical term or geographic name as entry element Histology.
9 (RLIN) 194
650 #0 - SUBJECT ADDED ENTRY--TOPICAL TERM
Topical term or geographic name as entry element Histology
General subdivision Atlases.
9 (RLIN) 1287
906 ## - LOCAL DATA ELEMENT F, LDF (RLIN)
a 7
b cbc
c orignew
d 1
e ocip
f 19
g y-gencatlg
942 ## - ADDED ENTRY ELEMENTS (KOHA)
Source of classification or shelving scheme Other/Generic Classification Scheme
Koha item type Short Loan
Holdings
Withdrawn status Lost status Source of classification or shelving scheme Damaged status Not for loan Home library Current library Date acquired Source of acquisition Inventory number Total Checkouts Full call number Barcode Date last seen Koha item type
    Other/Generic Classification Scheme     MUST Main Library MUST Main Library 22/09/2014 Purchase 98/11783   QS 516 R71h 1989 2014-2903 22/09/2014 Open Shelf
    Other/Generic Classification Scheme     MUST Main Library MUST Main Library 22/09/2014 Purchase 93/6864   QS 516 R71h 1989 2014-2904 22/09/2014 Open Shelf
    Other/Generic Classification Scheme     MUST Main Library MUST Main Library 22/09/2014 Purchase 98/11782   QS 516 R71h 1989 2014-2905 22/09/2014 Open Shelf